00405nam a2200157Ia 4500008004100000082001000041100003000051245001700081260007200098300000800170365000700178520001400185630001700199650001400216730001700230100917s9999 xx 000 0 und d b28269 aपिटके व. ह. aबाधा bयुनिव्हर्सल पब्लिकेशनc1976 a118 b12 aकथा aबाधा aकथा aबाधा